Missing Mergers: Movies to Songs Quiz Stats

Quiz Updated Mar 5, 2016

Challenge
Share
Tweet
Embed
Score 0/25 Timer 05:00
1 Play Today
% Correct
Baby
98%
Hotel
97.6%
Dancing
97.1%
Purple
97.1%
Rock
97%
Born
96.9%
Time
96.4%
Hot
95.9%
Walking
95.8%
Moves
95.7%
Seven
95.7%
Down
95.4%
Fly
94.9%
% Correct
Heat
94.5%
Black
94.2%
Dead
93.9%
Burning
93.7%
People
93.3%
Afternoon
92.3%
Cuts
91.9%
Crazy
91.4%
Cat
90.9%
Come
90.3%
Jungle
89.6%
Friday
87.5%

You're not logged in!

Compare scores with friends on all Sporcle quizzes.
Sign Up with Email
OR
Log In

You Might Also Like...

Show Comments

Extras

Top Quizzes Today


Score Distribution

Your Account Isn't Verified!

In order to create a playlist on Sporcle, you need to verify the email address you used during registration. Go to your Sporcle Settings to finish the process.